El vuelo de los búhos: visión personal de la actividad filosófica en Chile, 1810-2010

Saved in:
Bibliografiske detaljer
Hovedforfatter: Escobar Budge, Roberto (Author)
Format: Bog
Sprog:spansk
Udgivet: Santiago Ril 2008
Serier:Ensayos y Estudios
Fag:
Tags: Tilføj Tag
Ingen Tags, Vær først til at tagge denne postø!

MARC

LEADER 00000cam a2200000 a 4500
001 UCG6222
003 CL-VaPUC
008 110407e20080000CL |||||||||||||||||spa|d
020 |a 9789562846264 
082 0 4 |a 199.83  |b ESC  |2 21 
100 0 |a Escobar Budge, Roberto  |e author  |9 556271 
245 1 3 |a El vuelo de los búhos: visión personal de la actividad filosófica en Chile, 1810-2010 
300 |a 501 p 
942 |c BK 
945 |d 20110407 00:00:00  |a jcampos 
260 |a Santiago  |b Ril  |c 2008 
650 0 |a Positivismo  |9 269460 
650 0 |a Tomismo  |9 259214 
650 0 |a Humanismo  |9 256530 
650 0 |a Ciencias sociales   |9 256351 
650 0 |a Historia de Chile  |9 265473 
651 7 |a CHILE  |2 CL-VaPUC  |9 556272 
583 |a last modification  |c 20120614 11:14:35  |k Rodrigo Vera 
490 0 |a Ensayos y Estudios 
999 |c 344496  |d 344494 
952 |0 0  |1 0  |4 0  |6 199_830000000000000_ESC_2008  |7 0  |8 A  |9 442491  |a BIBEDU  |b BIBEDU  |d 2019-11-22  |i 4764994  |o 199.83 ESC 2008  |p 4764994  |r 2019-11-22  |w 2019-11-22  |y BK  |k FIL 
952 |0 0  |1 0  |4 0  |6 199_830000000000000_ESC_2008  |7 0  |8 A  |9 442492  |a BIBEDU  |b BIBEDU  |d 2019-11-22  |i 4867793  |l 4  |m 2  |o 199.83 ESC 2008  |p 4867793  |q 2024-08-02  |r 2024-07-03  |s 2024-07-03  |w 2019-11-22  |y BK  |k FIL